Loading...
| Fine Arts - Classical Music and Opera | 8 | 12.50 | 63% | 38% | 25% |
| Fine Arts - Other Arts | 7 | 12.86 | 86% | 29% | 14% |
| Fine Arts - Painting and Sculpture | 5 | 8.00 | 80% | 0% | 0% |
| Geography | 3 | 23.33 | 100% | 100% | 33% |
| History - American History | 7 | 11.43 | 86% | 29% | 0% |
| History - European History | 7 | 8.57 | 71% | 14% | 0% |
| History - Other History | 7 | 14.29 | 86% | 43% | 14% |
| History - World History | 6 | 13.33 | 100% | 0% | 33% |
| Literature - American Literature | 6 | 11.67 | 83% | 33% | 0% |
| Literature - British Literature | 3 | 16.67 | 100% | 33% | 33% |
| Literature - European Literature | 5 | 8.00 | 80% | 0% | 0% |
| Literature - World Literature | 6 | 15.00 | 100% | 50% | 0% |
| Modern World | 1 | 10.00 | 100% | 0% | 0% |
| Other Academic | 4 | 12.50 | 100% | 25% | 0% |
| Other Science (Astronomy) | 1 | 10.00 | 100% | 0% | 0% |
| Other Science (Computer Science) | 1 | 0.00 | 0% | 0% | 0% |
| Other Science (Math) | 2 | 20.00 | 100% | 50% | 50% |
| Philosophy | 6 | 18.33 | 100% | 83% | 0% |
| Religion | 5 | 14.00 | 80% | 60% | 0% |
| Science - Biology | 8 | 11.25 | 88% | 13% | 13% |
| Science - Chemistry | 4 | 12.50 | 100% | 25% | 0% |
| Science - Physics | 3 | 0.00 | 0% | 0% | 0% |
| Social Science | 4 | 15.00 | 75% | 75% | 0% |